000 00478nam a2200193 a 4500
001 BRL_695
005 20190320210845.0
008 250913s1936----sw-#######---#000-0#ger-#
041 _ager
044 _asw
050 4 _aPT2621.N6
_b.K65 1936
100 1 _aKnittel, John
_d1891-
_924674
245 1 0 _aTherese Etienne
_cJohn Knittel.
260 _aZurich
_bBüchergilde Gutenberg
_c1936
300 _a476 p.
_c23 cm.
650 1 4 _aDrama
_916014
902 _aGRL
942 _2lcc
_cB
999 _c9507
_d9507